000 00466nmm a2200169Ia 4500
008 251105s9999||||xx |||||||||||||||||und||
020 _a9788498165975
041 _aspa
100 _aLópez Pinciano, Alonso
245 0 _aFilosofía antigua poética
264 _a[Madrid, España] :
_bLinkgua,
_c2011
300 _a420 páginas
490 _aHistoria
650 _aPhilosophy, Ethics
856 _uhttps://public.digitaliapublishing.com/a/16668
942 _cCF
999 _c91310
_d91310